000 00973nam a22003011 4500
001 6901
003 BD-RjUL
005 20211208234333.0
008 140112s1962 njua 001 0 eng
035 _a(BD-RjUL)6943
040 _aDLC/ICU
_cICU
_dDLC
_dBD-RjUL
_beng
041 1 _aengrus
082 0 0 _a517.5
_bYAI 1962
100 1 _aI︠A︡glom, A. M.
_921661
245 0 3 _aAn introduction to the theory of stationary random functions /
_cA. M. I︠A︡glom
250 _aRev. English ed.
260 _aEnglewood Cliffs, N.J. :
_bPrentice-Hall,
_cc1962.
300 _axiii, 235 p. :
_billus. ;
_c23 cm.
504 _aIncludes index.
650 0 _aTime-series analysis.
_920577
650 0 _aStationary processes.
_921662
740 0 _aStationary random functions.
740 0 _aRandom functions.
942 _2ddc
_cBK
999 _c6901
_d6901